000 00807 a2200205 4500
001 58606
005 20260407155842.0
008 260407a1966 arg spa d
003 AR-UNSa-BCEJYS
040 _aAR-UNSa-BCEJYS
_bspa
_cAR-UNSa-BCEJYS
080 _a336.226.331
_xImpuestos sobre comestibles, bebidas y tabaco (Impuestos Internos)
245 1 0 _aImpuesto a las ventas
264 1 _aBuenos Aires :
_bAbeledo Perrot
_c1966
300 _a221 p.
_c23 cm.
505 _aOrdenamiento alfabético de los distintos temas vinculados a este impuesto con las correspondientes citas legales y jurisprudencia actualizada al 30-6-966
942 _cBK
590 _aniveau_biblio:m niveau_hierar:0
100 1 _aChalupowicz, Israel
700 1 _aColegio de Graduados en Ciencias Económicas de la Capital Federal
999 _c6475
_d6475